Lanean...

Oru nyaayaadhipante smaranakal

Xehetasun bibliografikoak
Egile nagusia: Vaidyar, P K
Formatua: Printed Book
Argitaratua: Trissur, Mathrubhoomy 1986
LEADER 003880000a22001210004500
040 |a MAL 
082 |a 923.4 VAI 32M6 
100 |a Vaidyar, P K 
245 |a Oru nyaayaadhipante smaranakal 
260 |a Trissur, Mathrubhoomy 
260 |c 1986 
999 |c 28665  |d 28665 
952 |0 0  |1 0  |4 0  |6 923_400000000000000_VAI_32M6  |7 0  |8 MAL  |9 28504  |a MGUL  |b MGUL  |d 2013-07-16  |l 0  |o 923.4 VAI 32M6  |p 07806  |r 2013-07-16  |w 2013-07-16  |y BK